000 00497nam a2200157 i 4500
001 62888
003 ES-MaACL
005 20230906164739.0
007 t|
008 031126s1972 sp ||||1| spa d
100 1 _aFernández Conde, Francisco Javier.
_949589
245 1 3 _aLa Iglesia de Asturias en la Alta Edad Media /
_cFrancisco Javier Fernández Conde.
260 _aOviedo :
_bInstituto de Estudios Asturianos,
_c1972.
300 _a204 p. ;
_c25 cm.
852 _aES-MaACL
_jC-46119
_bR.83594
999 _c62888
_d62888